[Event "FRA-ch Accession"]
[Site "Montpellier"]
[Date "1991.??.??"]
[Round "9"]
[White "Wallyn, Alexandre"]
[Black "Olivier, Pierre"]
[Result "0-1"]
[WhiteElo "2280"]
[BlackElo "2210"]
[PlyCount "112"]
[EventDate "1991.??.??"]
[EventType "swiss"]
[EventRounds "11"]
[EventCountry "FRA"]
[SourceTitle "EXT 1999"]
[Source "ChessBase"]
[SourceDate "1998.11.16"]
[SourceVersion "1"]
[SourceVersionDate "1998.11.16"]
[SourceQuality "1"]

1. e4 c5 2. c3 g6 3. d4 cxd4 4. cxd4 d5 5. exd5 Nf6 6. Nc3 Bg7 7. Bc4 0-0 8. Nge2 b6 9. 0-0 Bb7 10. Nf4 Na6 11. Re1 Nc7 12. Qb3 Qd7 13. a4 Nfe8 14. Be3 Nd6 15. Bf1 Nf5 16. Red1 Bh6 17. Bc4 Nxe3 18. fxe3 Bxf4 19. exf4 Rad8 20. a5 Nxd5 21. Nxd5 Bxd5 22. axb6 axb6 23. Bxd5 Qxd5 24. Qxd5 Rxd5 25. Kf2 Rc8 26. Rd2 Rc4 27. Ke3 Rb4 28. Rc1 e6 29. g4 Rdb5 30. Rcc2 Rb3+ 31. Kf2 h5 32. gxh5 Rxh5 33. Kg1 Rf5 34. Rf2 Rd3 35. Rc4 Rd5 36. Rb4 Rd6 37. f5 exf5 38. Rf4 Rd2 39. h4 Kg7 40. Kf1 Kh6 41. Ke1 Rh2 42. d5 Rxd5 43. Rxb6 Ra5 44. Rf2 Re5+ 45. Kf1 Rxh4 46. b4 Rh1+ 47. Kg2 Rb1 48. Rf4 Kg5 49. Rc4 Re3 50. Rc7 Kg4 51. Kf2 Ra3 52. Rc2 Rh1 53. Rbc6 Rh2+ 54. Ke1 Ra1+ 55. Rc1 Raa2 56. R6c4+ Kg5 0-1

[Event "FRA-chT"]
[Site "France"]
[Date "1990.??.??"]
[Round "?"]
[White "Olivier, Pierre"]
[Black "Roos, Louis"]
[Result "0-1"]
[WhiteElo "2260"]
[BlackElo "2355"]
[PlyCount "112"]
[EventDate "1990.??.??"]
[EventType "team-tourn"]
[EventRounds "11"]
[EventCountry "FRA"]
[SourceTitle "EXT 2000"]
[Source "ChessBase"]
[SourceDate "1999.11.16"]
[SourceVersion "1"]
[SourceVersionDate "1999.11.16"]
[SourceQuality "1"]

1. d4 Nf6 2. Nf3 g6 3. c4 Bg7 4. Nc3 d5 5. cxd5 Nxd5 6. Qb3 Nxc3 7. bxc3 c5 8. e3 0-0 9. Be2 Nc6 10. 0-0 Na5 11. Qb5 cxd4 12. cxd4 a6 13. Qb4 Re8 14. Rd1 Qd5 15. Bd2 Nc6 16. Qb6 Qd6 17. Kh1 Bf5 18. Rac1 Nxd4 19. Qxd6 exd6 20. Nxd4 Bxd4 21. Bb4 Bb2 22. Rc7 b5 23. Bxd6 Rac8 24. g4 Be6 25. Rd2 Bc3 26. Rxc8 Rxc8 27. Rc2 b4 28. h3 a5 29. Bb5 Rd8 30. Bc7 Rd1+ 31. Kg2 Bd5+ 32. f3 Rd2+ 33. Rxd2 Bxd2 34. Bxa5 Bxa2 35. Kf2 Bb1 36. Ke2 Bc3 37. Bd3 Ba2 38. Kd1 Bb3+ 39. Bc2 Bc4 40. f4 Kf8 41. e4 Ke7 42. g5 Kd6 43. Bb1 Kc5 44. Bd8 Bf1 45. Ba2 Bc4 46. Bb1 b3 47. Be7+ Kb5 48. Bf6 Kb4 49. Be7+ Ka4 50. h4 Bf1 51. Bf6 Kb4 52. f5 gxf5 53. e5 f4 54. Bxh7 f3 55. Be4 Be2+ 56. Kc1 f2 0-1

[Event "EU-Cup 07th round of 32"]
[Site "Clichy"]
[Date "1989.07.13"]
[Round "1.2"]
[White "Ruban, Vadim"]
[Black "Olivier, Pierre"]
[Result "1-0"]
[WhiteElo "2420"]
[BlackElo "2255"]
[PlyCount "61"]
[EventDate "1989.07.12"]
[EventType "team-match"]
[EventRounds "2"]
[EventCountry "FRA"]
[SourceTitle "EXT 2020"]
[Source "ChessBase"]
[SourceDate "2019.10.17"]
[SourceVersion "1"]
[SourceVersionDate "2019.10.17"]
[SourceQuality "1"]
[WhiteTeam "Novosibirsk Vektor"]
[BlackTeam "Clichy Echecs 92"]
[WhiteTeamCountry "URS"]
[BlackTeamCountry "FRA"]

1. d4 d5 2. c4 e6 3. Nc3 c5 4. cxd5 exd5 5. dxc5 d4 6. Na4 b5 7. cxb6 axb6 8. b3 Nf6 9. e3 Nc6 10. Nf3 b5 11. Nb2 Bb4+ 12. Bd2 dxe3 13. fxe3 Qb6 14. Bxb4 Nxb4 15. Nd4 Bd7 16. Be2 0-0 17. 0-0 Nbd5 18. Qd3 Rae8 19. Nd1 Re5 20. a4 bxa4 21. bxa4 Qa5 22. Nb3 Qa7 23. Qd4 Qxd4 24. Nxd4 Ra8 25. a5 Bg4 26. Bxg4 Nxg4 27. Rf5 Rxf5 28. Nxf5 Nb4 29. Ra4 Rb8 30. a6 Nxa6 31. Rxg4 1-0